Děti, mládež a dospělí

Podrobná bibliografia
Hlavný autor: Kuliczkowska, Krystyna, 1912-1986 (Autor)
Ďalší autori: Bartoš, Otakar (Prekladateľ)
Médium: Článok
Jazyk:čeština
poľština
Predmet:

MARC

LEADER 00000nab a2200000uu 4500
001 vtls011506045
003 SK-MaSNL
005 20260303173709.0
008 211119|1963 xo |||||||||||||||||cze|
015 |a SNBRB 
035 |a (urnnbn)urn:nbn:sk:snk:ar-a0boc2 
035 |a (uuid)b52962f8-716d-47a4-96ba-d24cac3705ec 
035 |a urn:nbn:sk:snk-abdzbk 
040 |a SNKBUCL  |b slo  |c SNKBUCL  |e AACR2 
041 1 |a cze  |h pol 
044 |a xo  |c SK 
100 1 |a Kuliczkowska, Krystyna,  |d 1912-1986  |4 aut  |9 221928 
245 1 0 |a Děti, mládež a dospělí  |c Krystyna Kuliczowska ; přeložil Otakar Bartoš 
650 0 7 |a poľská literatúra  |2 SNKPH  |9 1201 
650 0 7 |a literatúra pre deti a mládež  |2 SNKPH  |9 21893 
655 7 |a prehľady  |2 SNKPH  |9 70194 
700 1 |a Bartoš, Otakar  |4 trl  |9 407542 
773 0 |t Zlatý máj : kritická revue tvorby pro mládež  |g Roč. 7, č. 1 (1963), s. 24-25 
958 |a OND 
958 |a article20 
999 |c 2093539  |d 2095469